[Event "MSU Interuniversity Cup"]
[Site "Moscow RUS"]
[Date "2023.05.17"]
[Round "6.3"]
[White "Shihaliev, Orazali"]
[Black "Sharipov, Davron"]
[Result "0-1"]
[WhiteElo "1854"]
[BlackElo "2228"]
[PlyCount "184"]
[EventDate "2023.05.15"]
[EventType "team (rapid)"]
[EventRounds "9"]
[EventCountry "RUS"]
[SourceTitle "CBM 214 Extra"]
[Source "ChessBase"]
[SourceDate "2023.07.31"]
[SourceVersion "1"]
[SourceVersionDate "2023.07.31"]
[SourceQuality "1"]
[WhiteTeam "Turkmenistan"]
[BlackTeam "Uzbekistan"]
[WhiteTeamCountry "TKM"]
[BlackTeamCountry "UZB"]

1. Nf3 d5 2. g3 c6 3. Bg2 Bg4 4. d4 Nd7 5. 0-0 e6 6. c4 Bd6 7. Nc3 Ngf6 8. b3 0-0 9. Bb2 a5 10. Re1 a4 11. c5 a3 12. Bc1 Bc7 13. Na4 b5 14. cxb6 Bd6 15. Bf4 Bxf4 16. gxf4 Bxf3 17. Bxf3 Nxb6 18. Nc5 Nbd7 19. Rc1 Nxc5 20. Rxc5 Qd6 21. Qc1 Rfc8 22. e3 Nd7 23. Rc3 Rc7 24. Re2 f6 25. Rec2 Ra6 26. Qf1 Rb6 27. Qg2 Nb8 28. f5 Na6 29. fxe6 Nb4 30. Re2 f5 31. Qg3 Qxg3+ 32. hxg3 Re7 33. Rd2 Rxe6 34. Be2 Rb7 35. Bd3 g6 36. Bb1 Kg7 37. Rd1 Kf6 38. Rc5 Ra7 39. Kg2 h5 40. Rh1 Re8 41. Rh4 Rea8 42. Kf1 Ra5 43. Rc1 Rh8 44. Rf4 Re8 45. Ke2 Rb5 46. Kd2 Re7 47. Kc3 Re4 48. Rxe4 fxe4 49. Kd2 Kg5 50. Rh1 Rb8 51. Rh4 Rf8 52. Rh2 Na6 53. Kc3 Nc7 54. b4 Nb5+ 55. Kb3 Ra8 56. Bc2 Nd6 57. Bd1 Nf5 58. Be2 Ng7 59. Rh1 Nf5 60. Rc1 Ne7 61. Rh1 Nf5 62. Rg1 Ne7 63. Rc1 Kf6 64. Kc2 Ke6 65. Kd2 Kd6 66. Rc3 Nf5 67. Rc5 Ng7 68. Ra5 Rb8 69. Rxa3 Rxb4 70. Rb3 Ra4 71. a3 Ne6 72. Kc2 Ra8 73. Kd2 Ng5 74. Bd1 Ne6 75. Kc3 Nc7 76. Kb4 Rf8 77. Rb2 Rb8+ 78. Kc3 Nb5+ 79. Kb3 Nxd4+ 80. Ka2 Nb5 81. Rb3 Rf8 82. a4 Rxf2+ 83. Kb1 Nc7 84. a5 Rf8 85. Be2 Ra8 86. Ra3 c5 87. Kc2 c4 88. Kd2 Kc5 89. Bd1 Nb5 90. Ra4 Ra6 91. Bc2 Na7 92. Ra1 Nc6 0-1

[Event "MSU Interuniversity Cup"]
[Site "Moscow RUS"]
[Date "2023.05.17"]
[Round "8.2"]
[White "Yeremyan, Alen"]
[Black "Sharipov, Davron"]
[Result "1-0"]
[WhiteElo "2287"]
[BlackElo "2228"]
[PlyCount "81"]
[EventDate "2023.05.15"]
[EventType "team (rapid)"]
[EventRounds "9"]
[EventCountry "RUS"]
[SourceTitle "CBM 214 Extra"]
[Source "ChessBase"]
[SourceDate "2023.07.31"]
[SourceVersion "1"]
[SourceVersionDate "2023.07.31"]
[SourceQuality "1"]
[WhiteTeam "Armenia"]
[BlackTeam "Uzbekistan"]
[WhiteTeamCountry "ARM"]
[BlackTeamCountry "UZB"]

1. c4 e5 2. Nc3 d6 3. g3 f5 4. d3 Nf6 5. Bg2 Be7 6. e4 c6 7. Nge2 0-0 8. 0-0 Qe8 9. f3 Na6 10. Be3 Be6 11. b3 fxe4 12. Nxe4 h6 13. Nxf6+ Bxf6 14. d4 Bf5 15. Qd2 e4 16. Nc3 exf3 17. Rxf3 Qg6 18. Raf1 Bd3 19. Rd1 Bf5 20. h3 Rae8 21. g4 Bc8 22. Rdf1 Nb4 23. Rf4 Qd3 24. Ne4 Be7 25. Qxd3 Nxd3 26. Rxf8+ Bxf8 27. Rd1 Nb4 28. a3 Nc2 29. Bf2 h5 30. Rd2 Na1 31. Rd3 hxg4 32. hxg4 Nc2 33. b4 d5 34. cxd5 cxd5 35. Ng5 g6 36. Rc3 Ne1 37. Bxd5+ Kh8 38. Rh3+ Kg7 39. Rh7+ Kf6 40. Ne4+ Rxe4 41. Bxe4 1-0

[Event "Agzamov Memorial 16th"]
[Site "Tashkent"]
[Date "2023.04.06"]
[Round "3"]
[White "Saydaliev, Saidakbar"]
[Black "Sharipov, Davron"]
[Result "1-0"]
[WhiteElo "2451"]
[BlackElo "2322"]
[PlyCount "169"]
[EventDate "2023.04.05"]
[EventType "swiss"]
[EventRounds "10"]
[EventCountry "UZB"]
[SourceTitle "CBM 213 Extra"]
[Source "ChessBase"]
[SourceDate "2023.05.31"]
[SourceVersion "1"]
[SourceVersionDate "2023.05.31"]
[SourceQuality "1"]

1. e4 c5 2. Nf3 g6 3. d4 cxd4 4. Nxd4 Bg7 5. Nc3 Nc6 6. Be3 Nf6 7. Nxc6 bxc6 8. e5 Ng8 9. Bd4 Qa5 10. Bc4 Bxe5 11. 0-0 Nh6 12. Re1 f6 13. Qe2 Nf5 14. Bxe5 Qxe5 15. Qxe5 fxe5 16. Rxe5 d6 17. Ree1 Rb8 18. b3 d5 19. Bd3 Kf7 20. Re5 Re8 21. Na4 Kf6 22. Rae1 Nd6 23. f4 Rb4 24. g3 Nf7 25. R5e2 e5 26. fxe5+ Nxe5 27. Kg2 Bg4 28. Rf2+ Kg7 29. c3 Rbb8 30. Bc2 Nf7 31. Rxe8 Rxe8 32. h3 Bc8 33. Nc5 Re3 34. Bd3 Ne5 35. Re2 Rxe2+ 36. Bxe2 Kf6 37. h4 Nf7 38. Kf2 Nd6 39. Ke3 Nf5+ 40. Kf4 h5 41. b4 Nd6 42. Bd3 Nf7 43. Nb3 g5+ 44. hxg5+ Nxg5 45. Nd4 Bd7 46. a3 Nh3+ 47. Ke3 Ng5 48. Ne2 Ke5 49. Nf4 Be8 50. Ne2 Nf7 51. Nd4 Nh6 52. Be2 Ng8 53. Bf3 Nf6 54. Ne2 Nd7 55. Nf4 Nb6 56. Be2 Na4 57. Nd3+ Kd6 58. Kd4 Bf7 59. Bd1 Nb6 60. Ne5 Be8 61. a4 Ke6 62. Nd3 Kd6 63. Ne5 Ke6 64. a5 Nc8 65. Nd3 Kd6 66. Nf4 Ne7 67. Bxh5 Nf5+ 68. Kd3 Bd7 69. g4 Ng3 70. Kd4 Bc8 71. g5 Nf5+ 72. Kd3 Ba6+ 73. Kd2 c5 74. Bg4 Ng3 75. bxc5+ Kxc5 76. Bf3 Bc4 77. g6 d4 78. Nd3+ Kd6 79. cxd4 Nf5 80. Kc3 Bg8 81. Ne5 Ne3 82. Nc6 Bd5 83. g7 Bg8 84. Nxa7 Nc4 85. Nb5+ 1-0

[Event "Agzamov Memorial 15th"]
[Site "Tashkent"]
[Date "2022.05.04"]
[Round "1"]
[White "Asadli, Vugar Afgan Oglu"]
[Black "Sharipov, Davron"]
[Result "0-1"]
[WhiteElo "2578"]
[BlackElo "2163"]
[PlyCount "48"]
[EventDate "2022.05.04"]
[EventType "swiss"]
[EventRounds "10"]
[EventCountry "UZB"]
[SourceTitle "CBM 208 Extra"]
[Source "ChessBase"]
[SourceDate "2022.07.31"]
[SourceVersion "1"]
[SourceVersionDate "2022.07.31"]
[SourceQuality "1"]

1. e4 c5 2. Nf3 d6 3. d4 cxd4 4. Nxd4 Nf6 5. Nc3 a6 6. Be2 e5 7. Nb3 Be7 8. 0-0 0-0 9. Kh1 b5 10. a4 b4 11. Nd5 Bb7 12. Nxf6+ Bxf6 13. f3 a5 14. Be3 Be7 15. Bb5 Nd7 16. Nd2 d5 17. Nc4 Nf6 18. Nxe5 Qc7 19. Bd4 dxe4 20. fxe4 Rad8 21. c3 bxc3 22. bxc3 Nxe4 23. Qg4 Bf6 24. Rf5 Bxe5 0-1

[Event "Western Asia-ch U14"]
[Site "Delhi"]
[Date "2019.09.07"]
[Round "3"]
[White "Jain, Kashish Manoj"]
[Black "Sharipov, Davron"]
[Result "0-1"]
[WhiteElo "1870"]
[BlackElo "2110"]
[PlyCount "128"]
[EventDate "2019.09.06"]
[EventType "swiss"]
[EventRounds "9"]
[EventCountry "IND"]
[SourceTitle "CBM 192 Extra"]
[Source "Chessbase"]
[SourceDate "2019.11.06"]
[SourceVersion "1"]
[SourceVersionDate "2019.11.06"]
[SourceQuality "1"]

1. Nf3 Nf6 2. g3 g6 3. Bg2 Bg7 4. 0-0 0-0 5. c4 d5 6. d3 c6 7. Nc3 Re8 8. Rb1 Na6 9. cxd5 cxd5 10. b4 e5 11. Bg5 Nc7 12. Nd2 h6 13. Bxf6 Bxf6 14. e4 Be6 15. Qf3 dxe4 16. Ndxe4 Bg7 17. Nc5 b6 18. Nxe6 Rxe6 19. Nd5 Nxd5 20. Qxd5 Rb8 21. Qb5 Rd6 22. Qa6 Qd7 23. b5 Rxd3 24. Bc6 Qe7 25. Qa4 Rbd8 26. Rbc1 f5 27. Rcd1 e4 28. Rfe1 Kh7 29. Rxd3 Rxd3 30. Qc4 Rd4 31. Qe2 Qd6 32. Rf1 Rd3 33. Kh1 Qd4 34. g4 Rf3 35. gxf5 gxf5 36. Qc2 Rf4 37. Rg1 Qxf2 38. Qb3 Rh4 39. Rg2 Rxh2+ 40. Kxh2 Qh4+ 41. Kg1 Bd4+ 42. Kf1 Qh1+ 43. Ke2 Qxg2+ 44. Ke1 Qf2+ 45. Kd1 Qf1+ 46. Kc2 Qe2+ 47. Kb1 Qd3+ 48. Qxd3 exd3 49. Kc1 Be3+ 50. Kb2 Kg6 51. Bf3 h5 52. Kc3 d2 53. Kd3 Bf4 54. Ke2 h4 55. Kf1 h3 56. Ke2 h2 57. Bb7 Kg5 58. Bf3 Kh4 59. Bb7 Kg3 60. Bh1 d1Q+ 61. Kxd1 Kf2 62. a4 Kg1 63. Ke2 Kxh1 64. Kf2 Be3+ 0-1